Pokémon - Attacken von Serpiroyal in KA/PU - Statistiken

Allgemein
  • Dieses Quiz wurde 2 mal gespielt
  • Das Durchschnittsergebnis liegt bei 21 aus 60
Antwortstatistiken
Antwort % Korrekt
Egelsamen
100%
Gigasauger
100%
Megasauger
100%
Pflanzensäulen
100%
Rankenhieb
100%
Risikotackle
100%
Schlangenblick
100%
Schutzschild
100%
Silberblick
100%
Tackle
100%
Tera-Ausbruch
100%
Wegbereiter
100%
Aero-Ass
50%
Blättersturm
50%
Bodycheck
50%
Bodyslam
50%
Delegator
50%
Drachenpuls
50%
Drachenrute
50%
Flora-Statue
50%
Grasfeld
50%
Grasrutsche
50%
Grimasse
50%
Hyperstrahl
50%
Kugelsaat
50%
Samenbomben
50%
Solarstrahl
50%
Sonnentag
50%
Synthese
50%
Zauberblatt
50%
Abschlag
0%
Ausdauer
0%
Blütenwirbel
0%
Breitseite
0%
Einrollen
0%
Eisenschweif
0%
Energieball
0%
Erholung
0%
Fassade
0%
Gedankengut
0%
Gigastoß
0%
Horrorblick
0%
Laubklinge
0%
Lichtschild
0%
Lockduft
0%
Magensäfte
0%
Rechte Hand
0%
Reflektor
0%
Schlafrede
0%
Schuppenschuss
0%
Schwerttanz
0%
Slam
0%
Spiegelcape
0%
Sternschauer
0%
Strauchler
0%
Verhöhner
0%
Wachstum
0%
Wickel
0%
Windhose
0%
Wutanfall
0%
Keine übereinstimmenden Quizze gefunden
Verteilung der Resultate
Anzahl Personen mit jedem Resultat
Perzentil nach korrekt beantworteten Fragen
Ihre Resultats-Entwicklung
Sie haben dieses Quiz noch nicht gespielt